Central Library, Doon University
WEBOPAC (ONLINE PUBLIC ACCESS CATALOGUE)

Research Methodology (Record no. 60178)

MARC details
000 -LEADER
fixed length control field 00460nam a22001817a 4500
005 - DATE & TIME
control field 20260130153940.0
008 - FIXED-LENGTH DATA ELEMENTS--GENERAL INFORMATION
fixed length control field 260130b |||||||| |||| 00| 0 eng d
020 ## - ISBN
International Standard Book Number 9789384640941
Price 1695.00
040 ## - CATALOGING SOURCE
Original cataloging agency Doon University
041 ## - Language
Language English
082 ## - DDC NUMBER
Classification number 001.42
Book Number KOT
100 ## - MAIN ENTRY--PERSONAL NAME
Personal name Kothari, L.N.
245 ## - TITLE STATEMENT
Title Research Methodology
Sub Title : Methods And Techniques
260 ## - PUBLICATION, DISTRIBUTION, ETC. (IMPRINT)
Place of publication, distribution, etc Delhi
Name of publisher, distributor, etc Academic
Date of publication, distribution, etc 2024
300 ## - PHYSICAL DESCRIPTION
Pages 317
650 ## - Subject
Subject Computer Science
942 ## - ADDED ENTRY ELEMENTS (KOHA)
Koha item type Books
100 ## - MAIN ENTRY--PERSONAL NAME
-- 24748
952 ## - LOCATION AND ITEM INFORMATION (KOHA)
-- 2026-01-30
952 ## - LOCATION AND ITEM INFORMATION (KOHA)
-- 2026-01-30
952 ## - LOCATION AND ITEM INFORMATION (KOHA)
-- 2026-01-30
Holdings
Withdrawn status Lost status Source of classification or shelving scheme Damaged status Not for loan Location (home branch) Sublocation or collection (holding branch) Date acquired Koha issues (times borrowed) Koha full call number Accession No. Koha date last seen Koha item type
          Doon University Doon University 30.01.2026   001.42 KOT 51914 30.01.2026 Books
          Doon University Doon University 30.01.2026   001.42 KOT 51915 30.01.2026 Books
          Doon University Doon University 30.01.2026   001.42 KOT 51916 30.01.2026 Books
Contact : +91-135-2533126 (Library),+91-135-2533105 (Admin Office) , Email : doonlibrary@gmail.com

Powered by Koha